| 000 | 01123cam a22001934a 4500 | ||
|---|---|---|---|
| 005 | 20250605164404.0 | ||
| 008 | 250528s ||||||||||||||||||||||||d | ||
| 035 | _a24735 | ||
| 020 | _a9780443064401 | ||
| 040 |
_aGR-AtMCL _bgre _dGR-AtMCL _eAACR2 |
||
| 245 | 1 | _aNeurological Physiotherapy / A Problem - Solving Approach | |
| 250 | _a2 | ||
| 260 |
_bChurchill Livingstone, _c2022 |
||
| 520 | _aProblem Solving In Neurogical Physiotherapy, Assessment, Outcome Measurement and Goal Setting the Scene, An Analysis of Normal Movement as the basis for the Develpment of Treatment Techniques, Neurophychological problems and solutions, Abnormal Tone and Movement as a Result of Neurological Impairment: Considerations for Treatment, General Principles of Treatment, Drug Treatment of Neurological, Case Histories, Posture Management and Special, Splinting and the Use of Orthoses in the Management of Patients with Neurogical Disorders, Longer-Term Management for Patients with Residual or Progressive Disabillity, The Way Forward | ||
| 700 | 1 |
_aEdwards Susan _96610 |
|
| 942 | _cBK | ||
| 999 |
_c9594 _d9594 |
||